Nearest US State Capitals Quiz Stats

 Plays Quiz Updated Oct 6, 2012

Challenge
Share
Tweet
Embed
Score 0/30 Timer 12:00
6 Plays Today
State Capitals % Correct
Boston (MA) - Providence (RI)
83.7%
Providence (RI) - Hartford (CT)
73.7%
Dover (DE) - Annapolis (MD)
71.7%
Concord (NH) - Montpelier (VT)
70.8%
Boston (MA) - Hartford (CT)
70.8%
Boston (MA) - Concord (NH)
67.9%
Augusta (ME) - Concord (NH)
66.4%
Trenton (NJ) - Dover (DE)
64.3%
Annapolis (MD) - Richmond (VA)
60.1%
Montpelier (VT) - Albany (NY)
59.7%
Hartford (CT) - Albany (NY)
59.2%
Trenton (NJ) - Harrisburg (PA)
57.1%
Boston (MA) - Albany (NY)
56.8%
Augusta (ME) - Montpelier (VT)
51.1%
Annapolis (MD) - Harrisburg (PA)
47.6%
State Capitals % Correct
Trenton (NJ) - Annapolis (MD)
46.8%
Richmond (VA) - Raleigh (NC)
45.5%
Providence (RI) - Concord (NH)
45.4%
Dover (DE) - Harrisburg (PA)
44%
Providence (RI) - Albany (NY)
43.2%
Carson City (NV) - Sacramento (CA)
43%
Concord (NH) - Albany (NY)
42.4%
Olympia (WA) - Salem (OR)
40%
Concord (NH) - Hartford (CT)
39%
Jackson (MS) - Baton Rouge (LA)
38.6%
Cheyenne (WY) - Denver (CO)
29.5%
Charleston (WV) - Columbus (OH)
28.8%
Atlanta (GA) - Montgomery (AL)
26%
Topeka (KS) - Lincoln (NE)
25.4%
Frankfort (KY) - Indianapolis (IN)
20.5%

You're not logged in!

Compare scores with friends on all Sporcle quizzes.
OR
Log In

You Might Also Like...

Show Comments

Extras

Top Quizzes Today


Score Distribution

Your Account Isn't Verified!

In order to create a playlist on Sporcle, you need to verify the email address you used during registration. Go to your Sporcle Settings to finish the process.

Report this User

Report this user for behavior that violates our Community Guidelines.

Details: